| 000 | 01336nam a2200217Ia 4500 | ||
|---|---|---|---|
| 003 | Ost | ||
| 005 | 20260507075022.0 | ||
| 008 | 260507s9999||||xx |||||||||||||| ||und|| | ||
| 040 | _cfsecg | ||
| 041 | _aara | ||
| 082 | _a330 | ||
| 100 |
_aسانو، قطب مصطفى _eمؤلف |
||
| 245 | 0 |
_aالمدّخرات : _bأحكامها وطرق تكوينها واستثمارها في الفقه الإسلامي / _c قطب مصطفى سانو |
|
| 260 |
_aعمان: _bدار النفائس للنشر والتوزيع, _c2001 |
||
| 300 |
_a406 صفحة؛ _bإيضاحات ؛ _c24 سم |
||
| 520 | _aأضواء عن الإدخار والإستثمار من المنظور الإسلامي- الإدخار من المنظور الإسلامي-الإستثمار من المنظور الإسلامي- طرق تكوين المدخرات من المنظور الإسلامي- الإنتاج ودوره في تكوين المدخرات- الإنفاق ودوره في تكوين المدخرات- طرق إستثمار المدخرات من المنظور الإسلامي- قراءة في طرق فقهية لإستثمار المدخرات- قراءة في طرق حديثة لإستثمار المدخرات | ||
| 653 | _aالإستثمار | ||
| 653 | _aالانفاق | ||
| 653 | _aالفقه الاسلامي | ||
| 942 | _cكتاب | ||
| 999 |
_c42293 _d42293 |
||